|
|
|
|
| LEADER |
00000nam0a2200000 4500 |
| 001 |
348957 |
| 005 |
20231102010146.0 |
| 035 |
|
|
|a (RuTPU)RU\TPU\retro\846
|
| 090 |
|
|
|a 348957
|
| 100 |
|
|
|a 20180330d1962 km y0rusy50 ca
|
| 101 |
0 |
|
|a rus
|
| 102 |
|
|
|a RU
|
| 105 |
|
|
|a a z 000zy
|
| 200 |
1 |
|
|a Автоматизация металлорежущих станков
|e [сборник статей]
|f под ред. М. К. Клебанова
|
| 210 |
|
|
|a [Куйбышев]
|c Куйбышевское книжное издательство
|d 1962
|
| 215 |
|
|
|a 95 с.
|c ил.
|
| 606 |
1 |
|
|a Металлорежущие станки
|x Автоматизация комплексная
|2 stltpush
|3 (RuTPU)RU\TPU\subj\42574
|9 62233
|
| 610 |
1 |
|
|a координатные столы
|
| 610 |
1 |
|
|a программное управление
|
| 610 |
1 |
|
|a механизация
|
| 610 |
1 |
|
|a питание
|
| 610 |
1 |
|
|a технологические возможности
|
| 610 |
1 |
|
|a вибробункеры
|
| 610 |
1 |
|
|a загрузка
|
| 610 |
1 |
|
|a детали
|
| 610 |
1 |
|
|a обработка
|
| 610 |
1 |
|
|a сборники
|
| 675 |
|
|
|a 621.9.06-52:658.527
|v 4
|
| 702 |
|
1 |
|a Клебанов
|b М. К.
|4 340
|
| 801 |
|
1 |
|a RU
|b 63413507
|c 20180330
|
| 801 |
|
2 |
|a RU
|b 63413507
|c 20180402
|g RCR
|
| 942 |
|
|
|c BK
|